Prawda czy fałsz? Fakty o zwierzętach. - Statystyki

Ogólne statystyki
  • Ten quiz został rozwiązany 73 razy
  • Średni wynik to 9 z 15
Statystyki odpowiedzi
Zagadnienie Odpowiedź % Poprawnych
Sowy są ślepe w ciemności. Fałsz
96%
Ośmiornice mają trzy serca. Prawda
88%
Kangury nie potrafią chodzić do tyłu. Prawda
75%
Największy na świecie mięczak to kałamarnica olbrzymia. Prawda
75%
Słonie potrafią pływać, ale boją się wody. Fałsz
67%
Żyrafy mają takie same liczby kręgów szyjnych jak ludzie. Prawda
63%
Alpaki mogą pluć na ludzi w ramach obrony. Prawda
63%
Mrówki nie śpią w ogóle. Fałsz
54%
Żółwie mogą oddychać przez skórę na łapach. Fałsz
54%
Delfiny śpią z jednym okiem otwartym. Prawda
50%
Rekiny są niesłyszalne dla innych ryb, ponieważ nie wydają dźwięków. Prawda
46%
Tygrysy mają prążki tylko na futrze, a nie na skórze. Fałsz
42%
Pingwiny mają zęby, aby złapać ryby. Fałsz
38%
Wszystkie węże składają jaja. Fałsz
33%
Nietoperze są ślepe i używają wyłącznie echolokacji, by się poruszać. Fałsz
21%
Nie znaleziono quizów pasujących do podanych kryteriów
Rozkład punktacji
Procent ludzi z każdym wynikiem
Percentyl według liczby udzielonych odpowiedzi
Twoja historia wyników
Nie rozwiązałeś tego quizu